Les records du foot du XXI siècles - Statistiques

Statistiques générales
  • Ce quiz a été pris 87 fois
  • Le résultat moyen est 7 sur 10
Statistiques - réponses
Hint Réponse % Correct
Joueur ayant marqué le plus de buts sur une seule année civile (91 buts en 2012) Lionel Messi
100%
Meilleur buteur de la Ligue des Champions (140 buts) Cristiano Ronaldo
98%
Transfert le plus cher de l'histoire (222 millions d'euros en 2017) Neymar
98%
Joueur ayanr remportés le plus de Ballons d'Or (8) Lionel Messi
94%
Record de buts marqués par un joueur sur une seule édition de la Ligue des Champions (17 buts en 2013-2014) Cristiano Ronaldo
84%
Joueur ayant inscrit le plus de buts sur une seule saison de Premier League à 38 matchs (36 buts en 2022-2023) Erling Haaland
78%
Meilleur buteur de l'histoire de la Coupe du Monde (16 buts) Miroslav Klose
78%
Record du nombre de matchs consécutifs sans défaite pour une équipe nationale (37 matchs de 2018 à 2021) Italie
60%
Buteur le plus rapide de l'histoire de la Coupe du Monde (10,8 secondes après le coup d'envoi en 2002) Hakan Şükür
16%
Club ayant remporté le plus de Ligues des Champions au 21e siècle (8 depuis 2000) Cristiano Ronaldo
7%
Aucun quiz correspondant
Distribution des résultats
% des personnes avec chaque résultat
Percentile par nombre de réponses
Votre historique - résultats
Vous n’avez pas pris ce quiz